1943 1647 1838 1709 1185 1422 1096 1433 1442 1602 1071 1165 1607 1743 1278 1734 1899 1692 1098 1788 1721 1341 1909 1900 1575 1705 1099 1449 1475 1071 1516 1974 1187 1150 1065 1569 1147 1604 1685 1408 1006 1906 1983 1812 1547 1209 1689 1477 1848 1162 1566 1700 1642 1770 1809 1586 1290 1921 1846 1730 1615 1454 1121 1180 1559 1884 1073 1838 1888 1041 1787 1511 1118 1349 1162 1356 1017 1081 1742 1108 1605 1425 1575 1393 1872 1159 1062 1735 1100 1144 1162 1040 1311 1319 1384 1353 1420 1667 1041 BCNSPRNW ULIB Ver.6.0+V

เปลี่ยนเป็นภาษาไทย

Change to English
 แสดงรายละเอียดบรรณานุกรม
  กลับหน้าหลัก

Brief Record : Get Marc (ISO 2709) : E-mail record : QR code < ปิดหน้าต่าง
LEADER : 00000nam 2200000uu 4500
001    13399123107
003     ULIB
008    140210s2541||||th 000 0 tha d
020    9746610155
099    วพ.WA350^bพ796ค
100 0  พีระ เรืองฤทธิ์
245 00 ความเหมาะสมระหว่างสัดส่วนร่างกายกับขนาดของโต๊ะ และเก้าอี้ที่มีต่อความรู้สึกสุขสบาย และความพึงพอใจในการนั่งของนักเรียนชั้นมัธยมศึกาา ในโรงเรียนสังกัดกรมสามัญศึกาา ในเขตกรุงเทพมหานคร/^cพีระ เรืองฤทธิ์
260    นครปฐม:ปริญญาวิทยาศาตรมหาบัณฑิต(สาธารณสุขศาสตร์)สชาวิชาเอกพยาบาลสาธารณสุข มหาวิทยาลัยมหิดล, 2541
300    198 หน้า:^bตาราง,^c29 ซม
650  7 โต๊ะ เก้าอี้นักเรียน
650  7 ความรู้สึกสุขสบาย
650  7 ความเหมาะสมของการนั่ง
945    ^p0^l0^i009561
999    ^aเกษร โพธิ์สุวรรณ
รายการนี้ยังไม่มีแท็ก
คุณยังไม่ได้ล็อกอิน คุณสามารถมีกิจกรรมร่วมกับเว็บไซต์ได้ แต่ต้องล็อกอินก่อน ::
  ล็อกอิน

รายการสื่อสารสนเทศ

ลำดับที่ ประเภท เลขเรียก/บาร์โค้ด สถานที่ สถานะ
1. วิทยานิพนธ์
วิทยานิพนธ์
วพ.WA350 พ796ค  
  Barcode: 009561
ห้องสมุดวิทยาเขตสวรรค์ประชารักษ์
► วิทยานิพนธ์
บนชั้น

รายการใกล้เคียง
    ผู้แต่ง [พีระ เรืองฤทธิ์]

BibComment


ยังไม่เคยถูกคอมเมนท์

คอมเมนท์ทรัพยากรรายการนี้
  คอมเมนท์: ความเหมาะสมระหว่า..


 Copyright 2026. Bcnsprnw @Library